000 00672nam a2200229Ia 4500
003 OSt
005 20220926021356.0
006 a|||||r|||| 00| 0
007 ta
008 220923b |||||||| |||| 00| 0 eng d
037 _cGeneral Book
040 _aRTL
_cRTL
_beng
041 _2eng
_aeng
082 _aV1N45,93:3:(X:71).N70, L0.1/UN
110 _aUNITED NATIONS
245 0 _aBudget estimates for the financial year 1971 and information annexes.
260 _aNew York
_bUN
_c1970
300 _axxiv,222p.
_ccm.
700 _aUNITED NATIONS
942 _hV1N45,93:3:(X:71).N70, L0.1/UN
_cGB
_2CC
999 _c636586
_d636586